000 00471 a2200157 4500
999 _c3303
_d3303
020 _a9780435584696
050 _aQ 390 BOO 2002
100 _aBooth, Graham
_eauthor
245 _aModular science for edexcel. Module 7-12
_cGraham Booth and Bob McDuel
264 _aOxford :
_bHeinemann
_c2002
300 _av, 186p.
_bill. (col.)
500 _aIncludes index
650 _aScience
_xStudy and teaching (Secondary)
700 _aMcDuel Bob
942 _2lcc
_cBK
_h390
_iBOO
_kQ